[Event "Berlin op 10"]
[Site "Berlin"]
[Date "2003.11.17"]
[Round "6"]
[White "Haensgen, Oliver"]
[Black "Pinnow, Klaus"]
[Result "0-1"]
[WhiteElo "1583"]
[BlackElo "1671"]
[PlyCount "142"]
[EventDate "2003.10.13"]
[EventType "swiss"]
[EventRounds "7"]
[EventCountry "GER"]
[SourceTitle "EXT 2007"]
[Source "ChessBase"]
[SourceDate "2006.11.23"]
[SourceVersion "1"]
[SourceVersionDate "2006.11.23"]
[SourceQuality "1"]

1. e4 c5 2. Nf3 Nc6 3. d4 cxd4 4. Nxd4 Nf6 5. Nc3 e5 6. Ndb5 d6 7. Bg5 a6 8. Na3 b5 9. Nd5 Be7 10. Bxf6 Bxf6 11. c3 Bg5 12. Nc2 Bb7 13. Be2 0-0 14. Nce3 Bxe3 15. Nxe3 Ne7 16. Bf3 Ng6 17. Nd5 Bxd5 18. Qxd5 Nf4 19. Qd2 Qb6 20. Rd1 Rfd8 21. 0-0 Rac8 22. Bg4 Rc4 23. Rfe1 Qc6 24. Bf3 Qc7 25. g3 Ne6 26. Bg2 b4 27. Rc1 bxc3 28. Rxc3 Rxc3 29. bxc3 Qb6 30. Rd1 Qc5 31. Qd3 Nc7 32. a4 a5 33. Bf1 Kf8 34. Bg2 Qb6 35. Bf1 Ke7 36. Rb1 Qa7 37. Qc4 Rb8 38. Rxb8 Qxb8 39. Qc6 Ne6 40. Bb5 Qc7 41. Qxc7+ Nxc7 42. Bc4 Na8 43. f3 Nb6 44. Bb5 Ke6 45. c4 f5 46. Kf2 h5 47. Ke3 g5 48. Kd3 f4 49. gxf4 gxf4 50. h4 Kf6 51. Be8 Kg7 52. Kc3 Kf8 53. Bxh5 Nxa4+ 54. Kb3 Nc5+ 55. Kc3 Ne6 56. Kb3 Nc5+ 57. Kc3 Ke7 58. Bg4 Kf6 59. Bf5 Ne6 60. Bg4 Nd4 61. Kd3 a4 62. Kc3 a3 63. Bh5 Kg7 64. Bg4 Kh6 65. Bc8 Kh5 66. Bd7 Kxh4 67. Be8 Kg3 68. Bh5 Nxf3 69. Kb3 Nd2+ 70. Kxa3 Nxc4+ 71. Kb4 Nd2 0-1

[Event "Berlin op 10"]
[Site "Berlin"]
[Date "2003.10.20"]
[Round "2"]
[White "Pinnow, Klaus"]
[Black "Berg, Gerd"]
[Result "1-0"]
[WhiteElo "1671"]
[BlackElo "1424"]
[PlyCount "61"]
[EventDate "2003.10.13"]
[EventType "swiss"]
[EventRounds "7"]
[EventCountry "GER"]
[SourceTitle "EXT 2007"]
[Source "ChessBase"]
[SourceDate "2006.11.23"]
[SourceVersion "1"]
[SourceVersionDate "2006.11.23"]
[SourceQuality "1"]

1. e4 c5 2. Nf3 d6 3. Bb5+ Bd7 4. Bxd7+ Nxd7 5. 0-0 e6 6. c3 Be7 7. d4 Ngf6 8. e5 dxe5 9. dxe5 Nd5 10. c4 N5b6 11. Qe2 0-0 12. Nc3 a6 13. Rd1 Qc7 14. Bf4 Rad8 15. Ne4 Rfe8 16. Nd6 Rf8 17. Rd2 Nb8 18. Rad1 Nc6 19. b3 Nd7 20. Qe4 f5 21. exf6 Rxf6 22. Bg5 Bxd6 23. Rxd6 e5 24. Bxf6 Nxf6 25. Rxd8+ Nxd8 26. Qxe5 Qc8 27. Qe7 Nf7 28. Ne5 Qe8 29. Qxe8+ Nxe8 30. Nxf7 Kxf7 31. Rd7+ 1-0

[Event "Berlin op 10"]
[Site "Berlin"]
[Date "2003.10.13"]
[Round "1"]
[White "Kroutikov, Arkadi"]
[Black "Pinnow, Klaus"]
[Result "1-0"]
[WhiteElo "2081"]
[BlackElo "1671"]
[PlyCount "37"]
[EventDate "2003.10.13"]
[EventType "swiss"]
[EventRounds "7"]
[EventCountry "GER"]
[SourceTitle "EXT 2007"]
[Source "ChessBase"]
[SourceDate "2006.11.23"]
[SourceVersion "1"]
[SourceVersionDate "2006.11.23"]
[SourceQuality "1"]

1. Nf3 Nf6 2. d4 c5 3. e3 cxd4 4. exd4 e6 5. Bd3 Nc6 6. c3 d5 7. 0-0 Be7 8. Re1 0-0 9. Nbd2 Bd7 10. Ne5 Nxe5 11. dxe5 Ne8 12. Nf1 Qb6 13. Qh5 g6 14. Qh6 Ng7 15. Re3 Bc5 16. Rh3 Bxf2+ 17. Kh1 Nh5 18. Rxh5 gxh5 19. Qxh7# 1-0